Oxford Textbook of Endocrinology and Diabetes Volume 1 (Record no. 326)

000 -LEADER
fixed length control field 00930nam a22003017a 4500
003 - CONTROL NUMBER IDENTIFIER
control field OSt
005 - DATE AND TIME OF LATEST TRANSACTION
control field 20210419081807.0
008 - FIXED-LENGTH DATA ELEMENTS--GENERAL INFORMATION
fixed length control field 201120s2011 ||||| |||| 00| 0 eng d
020 ## - INTERNATIONAL STANDARD BOOK NUMBER
International Standard Book Number 9780198791928
040 ## - CATALOGING SOURCE
Original cataloging agency eng
Language of cataloging eng
Transcribing agency DLC
041 ## - LANGUAGE CODE
Language code of text/sound track or separate title eng
080 ## - UNIVERSAL DECIMAL CLASSIFICATION NUMBER
Universal Decimal Classification number 616.43
Item number O-97
100 ## - MAIN ENTRY--PERSONAL NAME
9 (RLIN) 213
Personal name Waas, A.H. John
Relator term Editor
245 ## - TITLE STATEMENT
Title Oxford Textbook of Endocrinology and Diabetes Volume 1
Statement of responsibility, etc. / by: Oxford University Press
250 ## - EDITION STATEMENT
Edition statement 2nd edition
260 ## - PUBLICATION, DISTRIBUTION, ETC.
Place of publication, distribution, etc. Oxford, UK
Name of publisher, distributor, etc. Oxford University Press
Date of publication, distribution, etc. 2011
300 ## - PHYSICAL DESCRIPTION
Extent 985 p. index 96 p. both volumes 2029 p.
Other physical details ill
650 #0 - SUBJECT ADDED ENTRY--TOPICAL TERM
9 (RLIN) 69
Topical term or geographic name entry element Medicine
650 #0 - SUBJECT ADDED ENTRY--TOPICAL TERM
9 (RLIN) 216
Topical term or geographic name entry element Endocrinology
650 #0 - SUBJECT ADDED ENTRY--TOPICAL TERM
9 (RLIN) 218
Topical term or geographic name entry element Diabetes
653 ## - INDEX TERM--UNCONTROLLED
Uncontrolled term მედიცინა
653 ## - INDEX TERM--UNCONTROLLED
Uncontrolled term ენდოკრინოლოგია
653 ## - INDEX TERM--UNCONTROLLED
Uncontrolled term დიაბეტი
700 ## - ADDED ENTRY--PERSONAL NAME
9 (RLIN) 220
Personal name Stewart, M. Paul
700 ## - ADDED ENTRY--PERSONAL NAME
9 (RLIN) 221
Personal name Amiel, A. Stephanie
700 ## - ADDED ENTRY--PERSONAL NAME
9 (RLIN) 222
Personal name Davies, J. Melanie
942 ## - ADDED ENTRY ELEMENTS (KOHA)
Source of classification or shelving scheme
Koha item type Books
Edition 2
Holdings
Withdrawn status Lost status Source of classification or shelving scheme Damaged status Not for loan Permanent location Current location Date acquired Inventory number Total Checkouts Full call number Barcode Date last seen Price effective from Koha item type
          Ken Walker International University Ken Walker International University 11/20/2020 913   616.43 O-97 913 11/20/2020 11/20/2020 Books

Powered by Koha